Online katalóg knižníc regiónu Turca

Spalovači planet (Record no. 21778)

MARC details
000 -LEADER
fixed length control field 00805nam a2200289 a 4500
001 - CONTROL NUMBER
control field 21778
003 - CONTROL NUMBER IDENTIFIER
control field VRT
005 - DATE AND TIME OF LATEST TRANSACTION
control field 20260309143537.0
008 - FIXED-LENGTH DATA ELEMENTS--GENERAL INFORMATION
fixed length control field 250414s1991 CS 0 cze
020 ## - INTERNATIONAL STANDARD BOOK NUMBER
International Standard Book Number 8020601112
035 ## - SYSTEM CONTROL NUMBER
System control number SNK000072560
039 #9 - LEVEL OF BIBLIOGRAPHIC CONTROL AND CODING DETAIL [OBSOLETE]
Level of rules in bibliographic description 202504141419
Level of effort used to assign nonsubject heading access points VLOAD
Level of effort used to assign subject headings 201306201736
Level of effort used to assign classification VLOAD
040 ## - CATALOGING SOURCE
Original cataloging agency SNK
Language of cataloging slo
Transcribing agency SNK
Description conventions AACR2
041 0# - LANGUAGE CODE
Language code of text/sound track or separate title cze
044 ## - COUNTRY OF PUBLISHING/PRODUCING ENTITY CODE
MARC country code [CS]
080 ## - UNIVERSAL DECIMAL CLASSIFICATION NUMBER
Universal Decimal Classification number 885.0-31
Edition identifier 1981
100 1# - MAIN ENTRY--PERSONAL NAME
Personal name Papoušek, Dušan
Relationship aut
245 10 - TITLE STATEMENT
Title Spalovači planet
Statement of responsibility, etc. Dušan Papoušek
250 ## - EDITION STATEMENT
Edition statement 1. vyd.
260 ## - PUBLICATION, DISTRIBUTION, ETC.
Place of publication, distribution, etc. Praha
Name of publisher, distributor, etc. Naše vojsko
Date of publication, distribution, etc. 1991
300 ## - PHYSICAL DESCRIPTION
Extent 217, [5] s.
Dimensions 20 cm
490 0# - SERIES STATEMENT
Series statement ESO
Volume/sequential designation Sv. 115
942 ## - ADDED ENTRY ELEMENTS (KOHA)
Source of classification or shelving scheme Dewey Decimal Classification
Koha item type Krásna literatúra pre dospelých
Suppress in OPAC No
949 ## - LOCAL PROCESSING INFORMATION (OCLC)
6 273K0264162
a svkpoA 152842
b svkpo376538
o PV 2575/91
Holdings
Stav vyradenia Strata Poškodenie Spôsob nadobudnutia Domovská knižnica Aktuálna knižnica Dátum nadobudnutia Total checkouts Čiarový kód exemplára Date last seen Typ exemplára
      Dar Obecná knižnica Horná Štubňa Obecná knižnica Horná Štubňa 09.03.2026   4736201799 09.03.2026 Krásna literatúra pre dospelých
Projekt je podporený Slovenskou asociáciou knižníc
Prevádzkuje Turčianska knižnica Martin 2026